Indian Coconut Journal (Record no. 7576)

MARC details
000 -LEADER
fixed length control field 00505nam a2200145Ia 4500
022 ## - INTERNATIONAL STANDARD SERIAL NUMBER
ISSN 0367-7281
245 #0 - TITLE STATEMENT
Title Indian Coconut Journal
260 ## - PUBLICATION, DISTRIBUTION, ETC. (IMPRINT)
Name of publisher Coconut Development Board, Cochin
Place of publication India
310 ## - CURRENT PUBLICATION FREQUENCY
Current publication frequency M
500 ## - GENERAL NOTE
General note Ending Volume & Year: 20, 1989
500 ## - GENERAL NOTE
General note Missing Volume: 6;7;8(9-10);9(11);10(3);11(2,4);12(4,12);14(1,4,7,9,11);15(8);17(9)-11);18(4-7,11-12);19(3,6-12);20(1-7,9-12)
500 ## - GENERAL NOTE
General note Starting Volume & Year: 4, 1950/51
942 ## - ADDED ENTRY ELEMENTS (KOHA)
Koha item type Bound Journal
Holdings
Withdrawn status Lost status Damaged status Not for loan Home library Current library Date acquired Accession Number Koha item type
      Bound journals RRII Library RRII Library 31/12/2021 07541J Bound Journal